书目信息 |
| 题名: |
信息时代的美国梦
|
|
| 作者: | 纽曼, , 索伊萨, 著 ;凯万 译 | |
| 分册: | ||
| 出版信息: | 北京 社会科学文献出版社 2002.09 |
|
| 页数: | 261页 | |
| 开本: | 21cm | |
| 丛书名: | ||
| 单 册: | ||
| 中图分类: | D771.2 , F171.24 | |
| 科图分类: | ||
| 主题词: | 信息技术--xin xi ji shu--影响--经济发展--美国 , 信息技术--xin xi ji shu--影响--政治--美国 , 信息技术--xin xi ji shu--影响--社会发展--美国 | |
| 电子资源: | ||
| ISBN: | 7-80149-747-3 | |
| 000 | 01354nam0 2200313 450 | |
| 001 | 012006785547 | |
| 005 | 20060921154830.14 | |
| 010 | @a7-80149-747-3@dCNY18.00 | |
| 100 | @a20060625d2002 km y0chiy0120 ea | |
| 101 | 1 | @achi@ceng |
| 102 | @aCN@b110000 | |
| 105 | @ay z 001yy | |
| 200 | 1 | @a信息时代的美国梦@Axin xi shi dai de mei guo meng@d= American Dream in the Information Age@f(美) 奥托·纽曼 (Otto Newman), (美) 理查德·德·佐萨 (Richard de Zoysa) 著@F(mei)ao tuo·niu man(Otto Newman),(mei)li cha de·de·zuo sa(Richard de Zoysa)zhu@g凯万等译@Gkai wan deng yi@zeng |
| 210 | @a北京@c社会科学文献出版社@d2002.09 | |
| 215 | @a261页@d21cm | |
| 305 | @a据麦克米兰出版社1999年版本译出 | |
| 320 | @a有索引。 | |
| 330 | @a本书探讨了美国梦从过去到现在已经发生的、和不久的未来即将发生的各种演变,以及这些演变对于上述变化所产生的实质影响。 | |
| 510 | 1 | @aAmerican Dream in the Information Age@zeng |
| 606 | 0 | @a信息技术@Axin xi ji shu@x影响@x经济发展@y美国 |
| 606 | 0 | @a信息技术@Axin xi ji shu@x影响@x政治@y美国 |
| 606 | 0 | @a信息技术@Axin xi ji shu@x影响@x社会发展@y美国 |
| 690 | @aD771.2@v4 | |
| 690 | @aF171.24@v4 | |
| 701 | 1 | @a纽曼,@Aniu man,@bO.@g(Newman, Otto)@4著 |
| 701 | 1 | @a索伊萨,@Asuo yi sa,@bR.@g(De Zoysa, Richard)@4著 |
| 702 | 0 | @a凯万@Akai wan@4译 |
| 801 | 0 | @aCN@bQSSK@c20060921 |
| 905 | @a10447@dD771.2@eN736 | |
| 信息时代的美国梦= American Dream in the Information Age/(美) 奥托·纽曼 (Otto Newman), (美) 理查德·德·佐萨 (Richard de Zoysa) 著/凯万等译.-北京:社会科学文献出版社,2002.09 |
| 261页;21cm |
| ISBN 7-80149-747-3:CNY18.00 |
| 本书探讨了美国梦从过去到现在已经发生的、和不久的未来即将发生的各种演变,以及这些演变对于上述变化所产生的实质影响。 |
| ● |
| 相关链接 |
|
|
|
正题名:信息时代的美国梦
索取号:D771.2/N736
 
预约/预借
| 序号 | 登录号 | 条形码 | 馆藏地/架位号 | 状态 | 备注 |
| 1 | 591410 | 205914108 | 社科库509/509社科库 78排2列6层/ [索取号:D771.2/N736] | 在馆 | |
| 2 | 591411 | 205914117 | 社科库509/509社科库 78排2列6层/ [索取号:D771.2/N736] | 在馆 | |
| 3 | 591412 | 205914126 | 社科库509/509社科库 78排2列6层/ [索取号:D771.2/N736] | 在馆 |